000 01052nam2a22002411 4500
001 rc\4763126
005 20250613065928.0
021 _aRU
_b66-59150
035 _a(NLR Aleph) 008998645
090 _a9292757
_c9292757
100 _a20130417d1966 |||y0rusy50 ca
101 0 _arus
_aeng
_afre
_ager
102 _aRU
105 _ay z |||||
200 1 _a[Математическая логика и основания математики]
210 _a[Москва
_cБ. и.
_d1966]
215 _a30 с.
461 0 _1001rc\4763125
_12001#$aТезисы кратких научных сообщений$eСекция 1-15$fICM. Москва. 1966$vСекция 1
_99292753
_aМеждународный математический конгресс (1966 ; Москва)
_c[Москва
_d1966]
_fICM. Москва. 1966
_nБ. и.
_oСекция 1-15
_p16 т.
_tТезисы кратких научных сообщений
_vСекция 1
801 0 _aRU
_bNLR
_gpsbo
801 1 _aRU
_bELAR
_2rusmarc
852 _aNLR
_j66-6/8810
942 _cBOOK
980 _aNB